| 000 | 00370nam a22001697a 4500 | ||
|---|---|---|---|
| 003 | CEME | ||
| 005 | 20210628204010.0 | ||
| 008 | 210106b xxu||||| |||| 00| 0 eng d | ||
| 020 | _a0099406136 | ||
| 040 | _c. | ||
| 082 | _a823 GRI | ||
| 100 |
_aGrisham, John _99825 |
||
| 245 | _aThe summons | ||
| 260 |
_aLONDON _bARROW _c2002 |
||
| 300 | _a340P | ||
| 942 |
_cBK _2ddc |
||
| 999 |
_c575816 _d575816 |
||